Diplomacy theory and practice
Uložené v:
| Hlavný autor: | |
|---|---|
| Médium: | Kniha |
| Jazyk: | English |
| Vydavateľské údaje: |
New York
Palgrave
2005
|
| Vydanie: | 3rd ed. |
| Predmet: | |
| Tagy: |
Žiadne tagy, Buďte prvý, kto otaguje tento záznam!
|
MARC
| LEADER | 00000nam$a2200000$$$4500 | ||
|---|---|---|---|
| 001 | 0044839 | ||
| 005 | 20221129082504.8 | ||
| 020 | |a 1-4039-9311-4 | ||
| 041 | 0 | |a eng | |
| 044 | |a US | ||
| 245 | 1 | 0 | |a Diplomacy |b theory and practice |c G.R. Berridge |
| 250 | |a 3rd ed. | ||
| 264 | 1 | |a New York |b Palgrave |c 2005 | |
| 300 | |a xvii, 242 s. | ||
| 610 | 2 | 0 | |a diplomacia |
| 610 | 2 | 0 | |a vzťahy medzinárodné |
| 610 | 2 | 0 | |a zmluvy medzinárodné |
| 100 | 1 | |a Berridge, G.R. | |